000 00764cam a2200217 4500
001 J3197
008 071127s1992 sa a f 001 0deng
035 _a(Sirsi) u53650
041 _aeng
050 0 4 _a920 $2 18
100 _aHermann, J. H.
245 0 4 _aThe South African Institute of Valuers
_bthe first eighty years 1909-1989, being the history of the institute and, as a background, the development of the valuation profession since 1652
260 _aPretoria
_bSouth African Institute of Valuers
_c1992
300 _axii, 210 p.
_bill.
_c21 cm.
350 _a0
520 _aA history of the South African Institute of Valuers.
651 4 _aSouth Africa
690 _aPROPERTY-PROPERTY APPRAISAL AND VALUATION
942 _n0
948 _c04/03/1997
999 _c93315
_d93315